English for Personal Assistants The essential handbook for doing business internationally /

English is the international language of business and companies increasingly expect their employees, especially secretaries and PAs, to deal competently with business partners from foreign countries. The book develops and refines the key productive skills of writing and speaking in real-life context...

Full description

Bibliographic Details
Main Authors: Broadhead, Annie (Author), Light, Ginni (Author)
Corporate Author: SpringerLink (Online service)
Format: Electronic eBook
Language:English
Published: Wiesbaden : Gabler, 2007.
Subjects:
Online Access:Full Text via HEAL-Link
LEADER 03888nam a22004215i 4500
001 978-3-8349-9237-6
003 DE-He213
005 20151204174328.0
007 cr nn 008mamaa
008 100301s2007 gw | s |||| 0|eng d
020 |a 9783834992376  |9 978-3-8349-9237-6 
024 7 |a 10.1007/978-3-8349-9237-6  |2 doi 
040 |d GrThAP 
050 4 |a HF5546-5548.6 
072 7 |a KJWB  |2 bicssc 
072 7 |a BUS096000  |2 bisacsh 
082 0 4 |a 651.3  |2 23 
100 1 |a Broadhead, Annie.  |e author. 
245 1 0 |a English for Personal Assistants  |h [electronic resource] :  |b The essential handbook for doing business internationally /  |c by Annie Broadhead, Ginni Light. 
264 1 |a Wiesbaden :  |b Gabler,  |c 2007. 
300 |a 223 p.  |b online resource. 
336 |a text  |b txt  |2 rdacontent 
337 |a computer  |b c  |2 rdamedia 
338 |a online resource  |b cr  |2 rdacarrier 
347 |a text file  |b PDF  |2 rda 
505 0 |a Communicating with clarity -- Best-practice emails and working in multi-cultural teams -- Building business relationships -- Delegating -- Complaints -- Proposals and reports -- Meetings -- Writing promotional copy -- Apologising -- Giving presentations with impact -- Team building and giving/receiving feedback -- Deadlines and Reminders -- Saying “no” -- Writing CVs with impact, covering letters, and letters of reference -- Conference invitations and requests for abstracts, cards for various occasions -- Influencing strategies and tactics -- Dealing with difficult people. 
520 |a English is the international language of business and companies increasingly expect their employees, especially secretaries and PAs, to deal competently with business partners from foreign countries. The book develops and refines the key productive skills of writing and speaking in real-life contexts. It provides guidelines, models, and exercises to enable you to manage your tasks more effectively and efficiently in English. It’s written by native English business practitioners and contains only authentic materials. The book is compact and presents situations that are instantly recognisable to today’s executive secretary. It’s also practical, easy-to-use, and up-to-date. Designed primarily for PAs, secretaries, management assistants, and support staff, it’s equally useful for a much wider range of people who need to do business internationally in English. You will draw the most benefit from this book if your English is of an intermediate level or above. The focus is on best practice in a variety of business-oriented scenarios, and, in addition, certain key linguistic areas which can be problematic for non-native speakers are reviewed in greater depth. There are also Appendices which provide overviews of for example, linking words and proofreader’s marks, and are intended as a reference. Contents include: • writing effective emails • handling complaints tactfully • giving and receiving feedback • writing proposals and reports • giving presentations • influencing strategies and tactics • dealing with difficult people • saying ‘no’ politely and assertively Annie Broadhead is an English language teacher in Cambridge and examiner at the University of Cambridge. Ginni Light is a trainer in language, communication, and intercultural skills for major companies across Europe. They have both published numerous books on English as the international language of business. 
650 0 |a Business. 
650 0 |a Office management. 
650 1 4 |a Business and Management. 
650 2 4 |a Office Management. 
700 1 |a Light, Ginni.  |e author. 
710 2 |a SpringerLink (Online service) 
773 0 |t Springer eBooks 
776 0 8 |i Printed edition:  |z 9783834901309 
856 4 0 |u http://dx.doi.org/10.1007/978-3-8349-9237-6  |z Full Text via HEAL-Link 
912 |a ZDB-2-SBE 
950 |a Business and Economics (Springer-11643)